000
002380000a22000970004500
100
1
_a
Ortiz, Loida A.
245
1
0
_a
¿Por qué a mi?
300
_a
Vol. 56, Núm 255 (2001), Páginas 4-5
773
0
_t
La Biblia de las Américas
942
_c
ANA
999
_c
51639
_d
51639